| 000 | 00876nam a2200241 a 4500 | ||
|---|---|---|---|
| 001 | 000007215 | ||
| 005 | 20200929154111.0 | ||
| 008 | 090907t1989 dr a 001 0 spa d | ||
| 040 |
_aDO-SdBNP _bspa _cBNPHU |
||
| 082 |
_a615.85153 _bE82t |
||
| 100 | 1 |
_aEstrella Cortinas, Clara Berení _920015 |
|
| 245 | 1 | 0 |
_aTerapia de juego / _cClara Berení Estrella Cortinas ; Francisca Villar de la Cruz. |
| 260 |
_aSanto Domingo : _bCentro de Psicoterapia y Documentación Infanto-Juvenil y Adulto, _c1989. |
||
| 300 |
_a122 p. : _bil. ; _c21 cm. |
||
| 490 | 1 |
_aDocumentación ; _v1 |
|
| 504 | _aBibliografía : p. 119-122 | ||
| 590 | _aInventariado, 2018/LP | ||
| 650 | 4 |
_aTerapia de juego _920016 |
|
| 650 | 4 |
_aTerapéutica recreativa _920017 |
|
| 700 | 1 |
_aVillar de la Cruz, Francisca _920018 |
|
| 830 | 0 |
_aDocumentación ; _n1 _920019 |
|
| 910 | _aValidado. Control de calidad. EMS | ||
| 999 |
_c6996 _d6996 |
||